Leader xxxxxxxxxx
001 __ PCLIS00047139
005 __ 20220216174624.0
010 0_ |a978-986-5896-48-5|b平裝|dNT$260
042 __ |anbic
100 __ |a20140616d2013 m y0chiy09 e
101 0_ |achi
102 __ |atw
105 __ |aa z 000ay
200 1_ |a騎士|dRyder|zeng|f羅浥薇薇著
205 __ |a初版
210 __ |a臺北市|c寶瓶文化出版|a臺北縣五股工業區|c大和書報圖書總經銷|d2013[民102]
215 0_ |a219面|c圖|d21公分
225 2_ |aIsland|v210
314 __ |a著者本名羅浥薇
410 _0 |12001 |aIsland|v210
510 1_ |aRyder|zeng
606 __ |2cst|a長篇小說
681 __ |a857.7|b8548
681 __ |a857.7|b8548|v2007年版
700 _0 |a羅浥薇薇|4著
801 _0 |atw|b內湖高中|c20140616|gCCR
|